[Event "31st Klatovy A 2025"]
[Site "Klatovy CZE"]
[Date "2025.07.04"]
[Round "7.15"]
[White "Honcharov, Makar"]
[Black "Svadlenka, Michal"]
[Result "1-0"]
[WhiteElo "2099"]
[BlackElo "1932"]
[PlyCount "93"]
[EventDate "2025.06.28"]
[EventType "swiss"]
[EventRounds "9"]
[EventCountry "CZE"]

1. e4 c5 {[%emt 0:01:44]} 2. Nf3 {[%emt 0:00:06]} d6 {[%emt 0:00:06]} 3. d4 {[%emt 0:00:32]} cxd4 {[%emt 0:00:01]} 4. Nxd4 {[%emt 0:00:05]} Nf6 {[%emt 0:00:28]} 5. Nc3 {[%emt 0:00:05]} g6 {[%emt 0:00:10]} 6. Be3 {[%emt 0:00:07]} Bg7 {[%emt 0:00:05]} 7. Be2 {[%emt 0:00:06]} O-O {[%emt 0:00:08]} 8. Qd2 {[%emt 0:00:04]} Nc6 {[%emt 0:04:16]} 9. O-O-O {[%emt 0:00:23]} Ng4 {[%emt 0:00:21]} 10. Bxg4 {[%emt 0:00:10]} Bxg4 {[%emt 0:00:06]} 11. f3 {[%emt 0:00:07]} Bd7 {[%emt 0:00:14]} 12. Nxc6 {[%emt 0:00:07]} bxc6 {[%emt 0:01:30]} 13. Bh6 {[%emt 0:00:04]} Rb8 {[%emt 0:11:13]} 14. h4 {[%emt 0:06:47]} Qb6 {[%emt 0:00:29]} 15. b3 {[%emt 0:00:55]} Bxh6 {[%emt 0:16:43]} 16. Qxh6 Qc5 {[%emt 0:00:15]} 17. Kb2 Qe5 {[%emt 0:04:15]} 18. f4 {[%emt 0:15:29]} Qg7 {[%emt 0:00:59]} 19. Qg5 {[%emt 0:11:07]} f6 {[%emt 0:01:12]} 20. Qa5 {[%emt 0:01:50]} Bg4 {[%emt 0:01:29]} 21. Rd3 {[%emt 0:01:52]} Rb7 {[%emt 0:01:04]} 22. h5 {[%emt 0:04:42]} f5 {[%emt 0:03:53]} 23. e5 {[%emt 0:09:13]} dxe5 {[%emt 0:09:00]} 24. hxg6 {[%emt 0:07:48]} hxg6 {[%emt 0:01:19]} 25. fxe5 {[%emt 0:00:24]} Qf7 {[%emt 0:07:49]} 26. Qc5 {[%emt 0:06:47]} Qe6 {[%emt 0:06:54]} 27. g3 {[%emt 0:05:06]} Rd7 {[%emt 0:05:06]} 28. Rxd7 {[%emt 0:05:58]} Qxd7 {[%emt 0:00:07]} 29. Qc4+ {[%emt 0:00:42]} Kg7 {[%emt 0:02:10]} 30. Qf4 {[%emt 0:08:30]} Rg8 {[%emt 0:00:43]} 31. Qh6+ {[%emt 0:01:48]} Kf7 {[%emt 0:00:15]} 32. Qe3 {[%emt 0:00:05]} Rg7 {[%emt 0:11:42]} 33. Re1 {[%emt 0:00:46]} e6 {[%emt 0:03:48]} 34. Rh1 {[%emt 0:03:29]} Qc7 {[%emt 0:05:29]} 35. Na4 {[%emt 0:06:19]} Qe7 {[%emt 0:06:07]} 36. Rh2 {[%emt 0:05:05]} g5 {[%emt 0:03:11]} 37. Nc5 {[%emt 0:00:56]} Kg6 {[%emt 0:01:59]} 38. Rd2 {[%emt 0:01:22]} Qe8 {[%emt 0:11:32]} 39. Rd6 {[%emt 0:01:45]} Re7 {[%emt 0:00:18]} 40. Qd3 {[%emt 0:00:06]} Bh3 {[%emt 0:01:50]} 41. Qf3 {[%emt 0:01:56]} Bg4 {[%emt 0:02:11]} 42. Qh1 {[%emt 0:04:25]} f4 {[%emt 0:01:17]} 43. gxf4 {[%emt 0:00:26]} gxf4 {[%emt 0:00:29]} 44. Qh4 {[%emt 0:00:04]} Bf5 {[%emt 0:01:52]} 45. Rd1 {[%emt 0:01:41]} Rg7 {[%emt 0:01:23]} 46. Rg1+ {[%emt 0:00:17]} Kf7 {[%emt 0:00:11]} 47. Qf6+ {[%emt 0:00:12]} 1-0

[Event "31st Klatovy A 2025"]
[Site "Klatovy CZE"]
[Date "2025.07.04"]
[Round "7.16"]
[White "Slivova, Linda"]
[Black "Stein, Michael 2009"]
[Result "0-1"]
[WhiteElo "1862"]
[BlackElo "2095"]
[PlyCount "86"]
[EventDate "2025.06.28"]
[EventType "swiss"]
[EventRounds "9"]
[EventCountry "CZE"]

1. d4 {[%emt 0:00:02]} d5 {[%emt 0:00:03]} 2. Nf3 {[%emt 0:00:05]} c5 {[%emt 0:00:03]} 3. e3 {[%emt 0:00:29]} Nf6 {[%emt 0:00:09]} 4. Nbd2 {[%emt 0:01:16]} e6 {[%emt 0:01:00]} 5. b3 {[%emt 0:00:39]} cxd4 {[%emt 0:02:01]} 6. exd4 {[%emt 0:00:26]} Nc6 {[%emt 0:01:16]} 7. Bb2 {[%emt 0:01:36]} Bd6 {[%emt 0:03:56]} 8. a3 {[%emt 0:02:37]} O-O {[%emt 0:03:12]} 9. Bd3 {[%emt 0:02:26]} Nd7 {[%emt 0:19:22]} 10. c4 {[%emt 0:05:58]} f5 {[%emt 0:07:43]} 11. Qc2 {[%emt 0:10:26]} Nf6 {[%emt 0:06:13]} 12. cxd5 {[%emt 0:13:51]} Nxd5 {[%emt 0:03:34]} 13. g3 {[%emt 0:06:57]} Bd7 {[%emt 0:07:46]} 14. Nc4 {[%emt 0:07:33]} Bc7 {[%emt 0:02:51]} 15. O-O-O {[%emt 0:01:53]} b5 {[%emt 0:05:29]} 16. Ne3 {[%emt 0:07:31]} b4 {[%emt 0:07:21]} 17. a4 {[%emt 0:02:29]} Na5 {[%emt 0:07:41]} 18. Nd2 {[%emt 0:15:30]} Bb6 {[%emt 0:06:29]} 19. Ndc4 {[%emt 0:02:26]} Rc8 {[%emt 0:02:44]} 20. Kb1 {[%emt 0:01:54]} Nxe3 {[%emt 0:04:28]} 21. fxe3 {[%emt 0:00:56]} Bc6 {[%emt 0:01:03]} 22. Rhe1 {[%emt 0:02:47]} Nxc4 {[%emt 0:03:49]} 23. Bxc4 {[%emt 0:06:45]} Be4 {[%emt 0:01:31]} 24. Rd3 {[%emt 0:00:12]} Qd6 {[%emt 0:02:10]} 25. Ka2 {[%emt 0:01:48]} Bd8 {[%emt 0:05:31]} 26. Qe2 {[%emt 0:02:40]} Bxd3 {[%emt 0:00:54]} 27. Qxd3 {[%emt 0:00:11]} Kh8 {[%emt 0:02:06]} 28. Rf1 {[%emt 0:02:38]} Bf6 {[%emt 0:01:54]} 29. Rf2 {[%emt 0:05:43]} Rcd8 {[%emt 0:01:58]} 30. Qd2 {[%emt 0:01:42]} Bg5 {[%emt 0:00:48]} 31. Qd3 {[%emt 0:00:38]} Qc6 {[%emt 0:01:23]} 32. Qd2 {[%emt 0:05:08]} a5 {[%emt 0:00:16]} 33. Qe2 {[%emt 0:01:44]} Qe4 {[%emt 0:02:40]} 34. Rf3 {[%emt 0:01:58]} Bf6 {[%emt 0:01:35]} 35. Rf4 {[%emt 0:02:24]} Qc6 {[%emt 0:00:18]} 36. Rf1 {[%emt 0:00:09]} Rg8 {[%emt 0:02:07]} 37. Rf2 {[%emt 0:00:49]} Rgf8 {[%emt 0:00:52]} 38. Rf1 {[%emt 0:00:09]} g6 {[%emt 0:00:20]} 39. Bc1 {[%emt 0:06:03]} e5 {[%emt 0:01:57]} 40. d5 {[%emt 0:00:26]} Rxd5 {[%emt 0:02:04]} 41. Bxd5 {[%emt 0:00:31]} Qxd5 {[%emt 0:00:01]} 42. Rd1 {[%emt 0:00:12]} Qc6 {[%emt 0:00:48]} 43. Bd2 {[%emt 0:03:15]} Qc2+ {[%emt 0:00:27]} 0-1

[Event "31st Klatovy A 2025"]
[Site "Klatovy CZE"]
[Date "2025.07.04"]
[Round "7.17"]
[White "Pycha, Patrik"]
[Black "Petrasek, Jiri"]
[Result "1-0"]
[WhiteElo "2076"]
[BlackElo "1919"]
[PlyCount "83"]
[EventDate "2025.06.28"]
[EventType "swiss"]
[EventRounds "9"]
[EventCountry "CZE"]

1. d4 {[%emt 0:00:02]} d5 {[%emt 0:00:46]} 2. Nc3 {[%emt 0:00:19]} Nf6 {[%emt 0:01:06]} 3. Bf4 {[%emt 0:00:19]} a6 {[%emt 0:04:28]} 4. e3 {[%emt 0:02:23]} Bf5 {[%emt 0:05:00]} 5. f3 {[%emt 0:00:39]} e6 {[%emt 0:03:41]} 6. g4 {[%emt 0:01:27]} Bg6 {[%emt 0:00:13]} 7. h4 {[%emt 0:00:07]} h5 {[%emt 0:03:36]} 8. g5 {[%emt 0:00:06]} Nfd7 {[%emt 0:02:49]} 9. Nge2 {[%emt 0:07:05]} Nc6 {[%emt 0:07:15]} 10. Bh3 {[%emt 0:03:21]} Nb6 {[%emt 0:03:20]} 11. b3 {[%emt 0:20:37]} Ba3 {[%emt 0:20:02]} 12. O-O {[%emt 0:01:39]} Qe7 {[%emt 0:04:20]} 13. Rb1 {[%emt 0:05:10]} Nb4 {[%emt 0:09:48]} 14. e4 {[%emt 0:00:25]} O-O-O {[%emt 0:07:11]} 15. Be3 {[%emt 0:04:48]} Kb8 {[%emt 0:04:25]} 16. Nf4 {[%emt 0:02:18]} Bh7 {[%emt 0:14:17]} 17. g6 {[%emt 0:03:44]} Bg8 {[%emt 0:02:46]} 18. e5 {[%emt 0:05:42]} Qxh4 {[%emt 0:01:23]} 19. Kh2 {[%emt 0:00:57]} Qe7 {[%emt 0:03:39]} 20. Nce2 {[%emt 0:00:59]} f6 {[%emt 0:01:57]} 21. Nd3 {[%emt 0:03:49]} Nxd3 {[%emt 0:01:29]} 22. Qxd3 {[%emt 0:00:50]} fxe5 {[%emt 0:04:21]} 23. dxe5 {[%emt 0:00:15]} Bc5 {[%emt 0:00:10]} 24. Nd4 {[%emt 0:05:18]} Nd7 {[%emt 0:01:58]} 25. f4 {[%emt 0:02:08]} Bxd4 {[%emt 0:05:41]} 26. Bxd4 {[%emt 0:00:12]} Nc5 {[%emt 0:00:05]} 27. Bxc5 {[%emt 0:00:31]} Qxc5 {[%emt 0:00:04]} 28. b4 {[%emt 0:00:24]} Qe7 {[%emt 0:01:06]} 29. b5 {[%emt 0:00:17]} b6 {[%emt 0:06:54]} 30. bxa6 {[%emt 0:00:23]} Ka7 {[%emt 0:00:05]} 31. Qb5 {[%emt 0:01:51]} Qd7 {[%emt 0:00:25]} 32. a4 {[%emt 0:00:37]} Rh6 {[%emt 0:04:49]} 33. Rg1 {[%emt 0:00:08]} d4 {[%emt 0:00:55]} 34. Qc4 {[%emt 0:02:52]} Rf8 {[%emt 0:01:11]} 35. a5 {[%emt 0:05:46]} Rxf4 {[%emt 0:01:10]} 36. axb6+ {[%emt 0:00:21]} cxb6 {[%emt 0:00:07]} 37. Rbf1 {[%emt 0:06:06]} Rxf1 {[%emt 0:03:01]} 38. Bxf1 {[%emt 0:00:07]} h4 {[%emt 0:01:05]} 39. Rg4 {[%emt 0:00:29]} h3 {[%emt 0:01:38]} 40. Rxd4 {[%emt 0:00:21]} Qe7 {[%emt 0:00:21]} 41. Qc6 {[%emt 0:00:16]} Rxg6 {[%emt 0:01:18]} 42. Rd7+ {[%emt 0:00:11]} 1-0

[Event "31st Klatovy A 2025"]
[Site "Klatovy CZE"]
[Date "2025.07.04"]
[Round "7.18"]
[White "Vysinsky, Otakar"]
[Black "Pick, Stepan"]
[Result "1-0"]
[WhiteElo "2116"]
[BlackElo "1949"]
[PlyCount "63"]
[EventDate "2025.06.28"]
[EventType "swiss"]
[EventRounds "9"]
[EventCountry "CZE"]

1. e4 {[%emt 0:03:02]} d6 {[%emt 0:00:12]} 2. Nc3 {[%emt 0:01:48]} g6 {[%emt 0:01:29]} 3. g3 {[%emt 0:01:32]} Bg7 {[%emt 0:00:44]} 4. Bg2 {[%emt 0:00:10]} c5 {[%emt 0:00:54]} 5. d3 {[%emt 0:00:20]} Nc6 {[%emt 0:00:24]} 6. f4 {[%emt 0:00:35]} e6 {[%emt 0:01:45]} 7. Nf3 {[%emt 0:00:21]} Nge7 {[%emt 0:00:35]} 8. O-O {[%emt 0:00:11]} O-O {[%emt 0:00:31]} 9. Be3 {[%emt 0:00:15]} Nd4 {[%emt 0:04:09]} 10. e5 {[%emt 0:01:43]} Nef5 {[%emt 0:18:32]} 11. Bf2 {[%emt 0:00:38]} d5 {[%emt 0:09:06]} 12. Qd2 {[%emt 0:11:40]} Nxf3+ {[%emt 0:08:06]} 13. Bxf3 {[%emt 0:00:52]} Nd4 {[%emt 0:01:36]} 14. Bg2 {[%emt 0:00:34]} f6 {[%emt 0:02:34]} 15. exf6 {[%emt 0:02:27]} Qxf6 {[%emt 0:04:35]} 16. Nd1 {[%emt 0:06:31]} b6 {[%emt 0:01:40]} 17. c3 {[%emt 0:04:45]} Nf5 {[%emt 0:01:26]} 18. Ne3 {[%emt 0:01:33]} Nxe3 {[%emt 0:00:23]} 19. Qxe3 {[%emt 0:01:32]} Bb7 {[%emt 0:04:49]} 20. Rfe1 {[%emt 0:07:47]} Rae8 {[%emt 0:01:15]} 21. d4 {[%emt 0:01:12]} cxd4 {[%emt 0:03:29]} 22. cxd4 {[%emt 0:00:24]} Rf7 {[%emt 0:05:13]} 23. Rac1 {[%emt 0:01:54]} Rc8 {[%emt 0:03:26]} 24. Bh3 {[%emt 0:08:12]} Rxc1 {[%emt 0:01:24]} 25. Rxc1 {[%emt 0:01:51]} Re7 {[%emt 0:00:52]} 26. Qa3 {[%emt 0:05:37]} g5 {[%emt 0:01:03]} 27. Qxa7 {[%emt 0:02:49]} gxf4 {[%emt 0:00:37]} 28. Qb8+ {[%emt 0:03:35]} Kf7 {[%emt 0:02:31]} 29. Rc7 {[%emt 0:16:51]} fxg3 {[%emt 0:02:14]} 30. hxg3 {[%emt 0:01:44]} Rxc7 {[%emt 0:01:52]} 31. Qxc7+ {[%emt 0:00:14]} Qe7 {[%emt 0:00:09]} 32. Qxb6 {[%emt 0:00:16]} 1-0

[Event "31st Klatovy A 2025"]
[Site "Klatovy CZE"]
[Date "2025.07.04"]
[Round "7.19"]
[White "Verner, Matej"]
[Black "Mrazik, Marek"]
[Result "1/2-1/2"]
[WhiteElo "2143"]
[BlackElo "1854"]
[PlyCount "95"]
[EventDate "2025.06.28"]
[EventType "swiss"]
[EventRounds "9"]
[EventCountry "CZE"]

1. e4 e6 2. d3 d5 3. Nd2 Nc6 4. Ngf3 dxe4 5. dxe4 Nf6 6. Bc4 Be7 7. O-O O-O 8. Re1 e5 9. c3 Bg4 10. a4 a5 11. Qb3 Qd7 12. h3 Bh5 13. Bb5 Bd6 14. Nh2 Bg6 15. Qc4 Rfd8 16. Nhf1 Kh8 17. Nb3 h6 18. Ng3 Nh5 19. Nxh5 Bxh5 20. Be3 f5 21. Bxc6 bxc6 22. Nc5 Bxc5 23. Bxc5 f4 24. f3 Qe8 25. Qe2 Qg6 26. Red1 Kh7 27. Be7 Re8 28. Bh4 Qe6 29. Rd2 Rab8 30. Rad1 Rb7 31. Bd8 Qb3 32. Rd7 Rf8 33. Bxc7 Rxc7 34. R7d6 Qxa4 35. Qa6 Rf6 36. Rd8 Rcf7 37. Qc8 Qc2 38. R1d2 Qc1+ 39. Kh2 Qe1 40. R2d3 Qf2 41. Rd2 Qc5 42. Rh8+ Kg6 43. Rdd8 a4 44. Rdg8 Qf2 45. Rxg7+ Rxg7 46. Qe8+ Rff7 47. Qe6+ Rf6 48. Qe8+ 1/2-1/2

[Event "31st Klatovy A 2025"]
[Site "Klatovy CZE"]
[Date "2025.07.04"]
[Round "7.20"]
[White "Lieber, Lukas"]
[Black "Pokorny, Jiri 2007"]
[Result "1-0"]
[WhiteElo "1925"]
[BlackElo "2122"]
[PlyCount "81"]
[EventDate "2025.06.28"]
[EventType "swiss"]
[EventRounds "9"]
[EventCountry "CZE"]

1. e4 e6 2. d4 d5 3. Nd2 Be7 4. Ngf3 Nf6 5. e5 Nfd7 6. Bd3 c5 7. c3 Nc6 8. a3 a5 9. Nf1 b6 10. Ng3 h5 11. h4 Nf8 12. Ng5 f6 13. exf6 gxf6 14. Nh7 Ba6 15. Nxf8 Rxf8 16. Qxh5+ Kd7 17. Bxa6 Rxa6 18. Qe2 Ra8 19. Be3 f5 20. Qd2 cxd4 21. cxd4 Bxh4 22. Ne2 Rc8 23. g3 Be7 24. Nc3 Rh8 25. O-O-O b5 26. Kb1 Rxh1 27. Rxh1 b4 28. Na4 bxa3 29. Nc5+ Bxc5 30. dxc5 Rb8 31. Rh7+ Ne7 32. Bd4 Qc7 33. Qe3 axb2 34. Be5 Qb7 35. Bxb8 Qxb8 36. c6+ Kd6 37. Qf4+ e5 38. Qh6+ Kc5 39. Rxe7 Qb4 40. Qe3+ Kxc6 41. Qh6+ 1-0

[Event "31st Klatovy A 2025"]
[Site "Klatovy CZE"]
[Date "2025.07.04"]
[Round "7.21"]
[White "Rudlof, Adam"]
[Black "Martinkovic, Adam"]
[Result "1-0"]
[WhiteElo "1992"]
[BlackElo "1921"]
[PlyCount "99"]
[EventDate "2025.06.28"]
[EventType "swiss"]
[EventRounds "9"]
[EventCountry "CZE"]

1. d4 Nf6 2. c4 c6 3. Nc3 d5 4. Nf3 e6 5. g3 Be7 6. Bg2 O-O 7. O-O Nbd7 8. Re1 b6 9. cxd5 cxd5 10. Bf4 a6 11. Ne5 Bb7 12. Qb3 Nxe5 13. Bxe5 Nd7 14. Bf4 Bf6 15. Rad1 Be7 16. e4 dxe4 17. Bxe4 Ra7 18. Bxb7 Rxb7 19. Ne4 Nf6 20. Nxf6+ Bxf6 21. d5 exd5 22. Rxd5 Qc8 23. Rd6 Bd8 24. Qd3 a5 25. Rc1 Qa8 26. Rdc6 Be7 27. Qb5 Qe8 28. a4 Bb4 29. b3 Qd8 30. Bc7 Qd2 31. Qa6 Bc5 32. R1xc5 Rxc7 33. Rxc7 bxc5 34. Qc4 h5 35. Rxc5 Rb8 36. Rc8+ Rxc8 37. Qxc8+ Kh7 38. Qf5+ Kg8 39. Qxh5 Qb4 40. Qd5 g6 41. Kg2 Qc3 42. h4 Qe1 43. h5 Kg7 44. Qd4+ Kh7 45. h6 f6 46. Qxf6 Kxh6 47. Qh8+ Kg5 48. Qh4+ Kf5 49. Qf4+ Ke6 50. Qe3+ 1-0

[Event "31st Klatovy A 2025"]
[Site "Klatovy CZE"]
[Date "2025.07.04"]
[Round "7.22"]
[White "Hurtak, Otto"]
[Black "Kocman, Patrik"]
[Result "1/2-1/2"]
[WhiteElo "1931"]
[BlackElo "1836"]
[PlyCount "76"]
[EventDate "2025.06.28"]
[EventType "swiss"]
[EventRounds "9"]
[EventCountry "CZE"]

1. c4 e5 2. Nc3 Nf6 3. g3 d5 4. cxd5 Nxd5 5. Bg2 Nb6 6. Nf3 Nc6 7. b3 Be7 8. Bb2 O-O 9. O-O Re8 10. d3 Bf8 11. Rc1 a5 12. a3 g6 13. Nb5 Bg7 14. Qc2 Bd7 15. Rfd1 Rc8 16. Nd2 f5 17. Nc4 Nxc4 18. dxc4 Qe7 19. e3 e4 20. Bxg7 Kxg7 21. Qc3+ Kg8 22. f3 Red8 23. f4 Be8 24. Bf1 Rxd1 25. Rxd1 Rd8 26. Rxd8 Qxd8 27. Be2 b6 28. Kf2 Qe7 29. h4 Nb8 30. c5 Qxc5 31. Bc4+ Bf7 32. Bxf7+ Kxf7 33. Qxc5 bxc5 34. Nxc7 Ke7 35. Ke2 Nd7 36. Kd2 Kd6 37. Nb5+ Kc6 38. a4 Nb6 1/2-1/2

[Event "31st Klatovy A 2025"]
[Site "Klatovy CZE"]
[Date "2025.07.04"]
[Round "7.23"]
[White "Slansky, Jachym"]
[Black "Bobrakov Timoskin, Alexandr 1978"]
[Result "1-0"]
[WhiteElo "1878"]
[BlackElo "1868"]
[PlyCount "111"]
[EventDate "2025.06.28"]
[EventType "swiss"]
[EventRounds "9"]
[EventCountry "CZE"]

1. e4 c5 2. Nf3 d6 3. Bb5+ Bd7 4. Bxd7+ Qxd7 5. c4 Nc6 6. O-O g6 7. Nc3 Bg7 8. d3 Nf6 9. Be3 O-O 10. Rc1 a6 11. h3 b5 12. b3 bxc4 13. dxc4 Qc7 14. Qe2 Qb7 15. e5 dxe5 16. Bxc5 Nd7 17. Ba3 Rfe8 18. Rcd1 Nd4 19. Nxd4 exd4 20. Ne4 Rad8 21. Nc5 Nxc5 22. Bxc5 e5 23. b4 Bf8 24. Bxf8 Kxf8 25. Qb2 Kg8 26. Rfe1 Qd7 27. b5 axb5 28. cxb5 e4 29. a4 Qa7 30. Qb4 e3 31. fxe3 dxe3 32. Rxd8 Rxd8 33. b6 Qb8 34. Rxe3 Rd1+ 35. Re1 Rxe1+ 36. Qxe1 Qxb6+ 37. Kh1 f5 38. a5 Qa6 39. Qe8+ Kg7 40. Qe7+ Kg8 41. Qd8+ Kg7 42. Qc7+ Kh6 43. Kh2 Qf1 44. Qd6 f4 45. a6 Qf2 46. Qe7 Kh5 47. Qxh7+ Kg5 48. Qe7+ Kh5 49. Qa3 Qa7 50. Qf3+ Kg5 51. Qg4+ Kh6 52. Qxf4+ g5 53. Qd6+ Kg7 54. Qe5+ Kg6 55. Qe4+ Kh6 56. Qc6+ 1-0

[Event "31st Klatovy A 2025"]
[Site "Klatovy CZE"]
[Date "2025.07.04"]
[Round "7.24"]
[White "Vo, Daniel"]
[Black "Krivka, Matej"]
[Result "0-1"]
[WhiteElo "1834"]
[BlackElo "2000"]
[PlyCount "60"]
[EventDate "2025.06.28"]
[EventType "swiss"]
[EventRounds "9"]
[EventCountry "CZE"]

1. e4 c5 2. c3 Nf6 3. e5 Nd5 4. Nf3 Nc6 5. d4 cxd4 6. cxd4 d6 7. Bc4 Nb6 8. Bb3 d5 9. O-O Bg4 10. Be3 e6 11. h3 Bh5 12. Nbd2 Be7 13. Rc1 O-O 14. a3 Rc8 15. Bc2 Bg6 16. Bxg6 hxg6 17. b4 a6 18. Ne1 Na7 19. Nd3 Nb5 20. Qb3 Nc4 21. Nxc4 dxc4 22. Rxc4 Rxc4 23. Qxc4 Nxa3 24. Qb3 Nb5 25. Qb2 Nc7 26. Rc1 Nd5 27. Bd2 Qb6 28. Rc4 Qb5 29. Qc2 Rd8 30. Nc5 Rc8 0-1

[Event "31st Klatovy A 2025"]
[Site "Klatovy CZE"]
[Date "2025.07.04"]
[Round "7.25"]
[White "Paldus, Jan"]
[Black "Sadil, Antonin"]
[Result "0-1"]
[WhiteElo "1761"]
[BlackElo "1907"]
[PlyCount "96"]
[EventDate "2025.06.28"]
[EventType "swiss"]
[EventRounds "9"]
[EventCountry "CZE"]

1. e4 c5 2. c3 Nf6 3. e5 Nd5 4. d4 cxd4 5. Nf3 e6 6. cxd4 Nc6 7. Bc4 Bb4+ 8. Bd2 Bxd2+ 9. Qxd2 Nb6 10. Bb3 d6 11. O-O dxe5 12. dxe5 Qxd2 13. Nbxd2 Na5 14. Bc2 Bd7 15. Be4 Bc6 16. b4 Bxe4 17. Nxe4 Nac4 18. Nc5 O-O-O 19. Rac1 Kb8 20. a4 Nd2 21. Rfd1 Nxf3+ 22. gxf3 Rxd1+ 23. Rxd1 Nd5 24. Rd4 Rc8 25. Nd3 b6 26. Kg2 g5 27. f4 Rc3 28. Kf1 h6 29. fxg5 hxg5 30. Ke2 Ra3 31. b5 Ra2+ 32. Kf3 f5 33. exf6 Nxf6 34. Nb4 Ra3+ 35. Kg2 Kb7 36. Nc6 Kc7 37. Nxa7 Nd5 38. Nc6 Nf4+ 39. Rxf4 gxf4 40. h4 Rxa4 41. Kf3 Kd6 42. h5 e5 43. Kg4 Ke6 44. f3 Kf6 45. h6 Ra1 46. Nb4 Rg1+ 47. Kh5 Kf5 48. Nd3 Rh1# 0-1

[Event "31st Klatovy A 2025"]
[Site "Klatovy CZE"]
[Date "2025.07.04"]
[Round "7.26"]
[White "Bubela, Alexander Georg"]
[Black "Gernert, Tomas"]
[Result "1-0"]
[WhiteElo "1806"]
[BlackElo "1794"]
[PlyCount "95"]
[EventDate "2025.06.28"]
[EventType "swiss"]
[EventRounds "9"]
[EventCountry "CZE"]

1. d4 Nf6 2. c4 g6 3. Nf3 Bg7 4. g3 O-O 5. Bg2 d6 6. O-O Nbd7 7. Nc3 e5 8. e4 c6 9. d5 cxd5 10. cxd5 Nc5 11. Ne1 Qb6 12. Nd3 Bg4 13. Qc2 Nxd3 14. Qxd3 Rac8 15. h3 Bd7 16. Rb1 Nh5 17. Be3 Qd8 18. Qe2 f5 19. exf5 Rxf5 20. Ne4 Qe7 21. Rbc1 Rff8 22. Qd2 Nf6 23. Ng5 b6 24. Kh2 h6 25. Ne4 Kh7 26. Rfd1 Nxe4 27. Bxe4 Bf5 28. Qd3 Qd7 29. Rc6 Bxe4 30. Qxe4 Rfd8 31. Rdc1 Bf8 32. h4 h5 33. Qc4 Rxc6 34. dxc6 Qc7 35. Qd5 Rc8 36. b4 Bh6 37. Bxh6 Kxh6 38. b5 Kg7 39. Rd1 Rd8 40. Kg2 Kh7 41. Rd3 Kg7 42. Qe6 Kh6 43. Rf3 Kg7 44. Rf6 d5 45. Rxg6+ Kh7 46. Rh6+ Kg7 47. Qf6+ Kg8 48. Rh8# 1-0

[Event "31st Klatovy A 2025"]
[Site "Klatovy CZE"]
[Date "2025.07.04"]
[Round "7.28"]
[White "Feierfeil, Jiri"]
[Black "Mojzisova, Barbora"]
[Result "1/2-1/2"]
[WhiteElo "1738"]
[BlackElo "1757"]
[PlyCount "118"]
[EventDate "2025.06.28"]
[EventType "swiss"]
[EventRounds "9"]
[EventCountry "CZE"]

1. d4 d5 2. Nf3 Nf6 3. e3 e6 4. Bd3 Bd6 5. Nbd2 c5 6. c3 Nc6 7. O-O O-O 8. dxc5 Bxc5 9. Nb3 Bd6 10. Nbd4 e5 11. Nxc6 bxc6 12. Be2 Qc7 13. g3 Qd7 14. Re1 e4 15. Nd4 h5 16. c4 h4 17. cxd5 hxg3 18. fxg3 cxd5 19. Bf1 Qg4 20. Qxg4 Nxg4 21. Bd2 Ne5 22. Bc3 Bc5 23. Kg2 Bd7 24. h3 Rab8 25. a3 Rb6 26. b4 Bxd4 27. Bxd4 Nf3 28. Red1 Rc6 29. Bc5 Bxh3+ 30. Kf2 Bxf1 31. Rxf1 Rb8 32. g4 Nd2 33. Rfd1 Nb3 34. Bxa7 Ra8 35. Rab1 Rc2+ 36. Ke1 Rxa7 37. Rxb3 Ra2 38. Rxd5 R7xa3 39. Rxa3 Rxa3 40. Kf2 g6 41. g5 Kg7 42. Rd4 f5 43. gxf6+ Kxf6 44. Rxe4 g5 45. Kf3 Kf5 46. Rc4 Rb3 47. Rc5+ Kf6 48. b5 g4+ 49. Kxg4 Rxe3 50. Kf4 Rb3 51. Ke4 Ke6 52. Rh5 Rb4+ 53. Kd3 Kd6 54. Kc3 Rb1 55. Kc4 Kc7 56. Rh6 Rc1+ 57. Kd5 Rd1+ 58. Kc4 Rc1+ 59. Kb4 Rb1+ 1/2-1/2

[Event "31st Klatovy A 2025"]
[Site "Klatovy CZE"]
[Date "2025.07.04"]
[Round "7.29"]
[White "Hrckova, Anna"]
[Black "Chmelik, Ladislav"]
[Result "1-0"]
[WhiteElo "1728"]
[BlackElo "1816"]
[PlyCount "65"]
[EventDate "2025.06.28"]
[EventType "swiss"]
[EventRounds "9"]
[EventCountry "CZE"]

1. e4 d6 2. d4 g6 3. f4 Bg7 4. Nf3 Bg4 5. Be2 Nf6 6. Nc3 O-O 7. Be3 c6 8. h3 Bxf3 9. Bxf3 b5 10. e5 dxe5 11. dxe5 Nfd7 12. Nxb5 Qa5+ 13. Nc3 Rd8 14. Qe2 f6 15. e6 Nb6 16. O-O f5 17. Bd2 Qc5+ 18. Kh1 Nc4 19. Bc1 Na6 20. Rb1 Rab8 21. Na4 Qb5 22. b3 Nc5 23. Bxc6 Qxc6 24. Qxc4 Rdc8 25. Nxc5 Qxc5 26. Qxc5 Rxc5 27. Rf2 Bc3 28. g4 Ra5 29. Bd2 Bxd2 30. Rxd2 Rxa2 31. gxf5 gxf5 32. Rg1+ Kh8 33. Rdg2 1-0

[Event "31st Klatovy A 2025"]
[Site "Klatovy CZE"]
[Date "2025.07.05"]
[Round "8.1"]
[White "Horak, Martin"]
[Black "Straka, Vojtech"]
[Result "1-0"]
[WhiteElo "2324"]
[BlackElo "2425"]
[PlyCount "93"]
[EventDate "2025.06.28"]
[EventType "swiss"]
[EventRounds "9"]
[EventCountry "CZE"]

1. e4 {[%emt 0:00:02]} c5 {[%emt 0:00:17]} 2. Nf3 {[%emt 0:00:10]} Nc6 {[%emt 0:00:13]} 3. Bb5 {[%emt 0:00:36]} e6 {[%emt 0:00:26]} 4. O-O {[%emt 0:00:42]} Nge7 {[%emt 0:00:09]} 5. d4 {[%emt 0:00:18]} cxd4 {[%emt 0:00:09]} 6. Nxd4 {[%emt 0:00:04]} Ng6 {[%emt 0:00:15]} 7. Be2 {[%emt 0:01:00]} Be7 {[%emt 0:00:22]} 8. c4 {[%emt 0:00:35]} Nxd4 {[%emt 0:00:26]} 9. Qxd4 {[%emt 0:00:05]} O-O {[%emt 0:00:12]} 10. Be3 {[%emt 0:00:45]} b6 {[%emt 0:00:20]} 11. Nc3 {[%emt 0:00:16]} Bf6 {[%emt 0:00:12]} 12. Qd2 {[%emt 0:00:12]} Bb7 {[%emt 0:00:11]} 13. f3 {[%emt 0:00:23]} Qe7 {[%emt 0:00:08]} 14. a4 {[%emt 0:01:26]} Rad8 {[%emt 0:13:18]} 15. Rfe1 {[%emt 0:21:46]} Bh4 {[%emt 0:40:57]} 16. g3 {[%emt 0:04:53]} Bf6 {[%emt 0:00:23]} 17. a5 {[%emt 0:02:52]} d5 {[%emt 0:06:52]} 18. cxd5 {[%emt 0:13:02]} exd5 {[%emt 0:00:16]} 19. exd5 {[%emt 0:01:29]} Bxc3 {[%emt 0:18:54]} 20. Qxc3 {[%emt 0:02:17]} Rxd5 {[%emt 0:00:21]} 21. axb6 {[%emt 0:01:23]} Re5 {[%emt 0:05:42]} 22. Bf1 {[%emt 0:10:30]} axb6 {[%emt 0:07:18]} 23. Bd4 {[%emt 0:11:07]} Rc8 {[%emt 0:10:49]} 24. Bxe5 {[%emt 0:04:47]} Rxc3 {[%emt 0:00:10]} 25. Bxc3 {[%emt 0:00:02]} Qc5+ {[%emt 0:00:11]} 26. Kg2 {[%emt 0:00:08]} Qc6 {[%emt 0:01:20]} 27. Re3 {[%emt 0:00:46]} f5 {[%emt 0:08:19]} 28. Bd3 {[%emt 0:07:23]} Ne7 {[%emt 0:02:09]} 29. Rae1 {[%emt 0:12:50]} Nd5 {[%emt 0:00:51]} 30. Re8+ {[%emt 0:01:48]} Kf7 {[%emt 0:00:11]} 31. Bxf5 {[%emt 0:01:28]} Nf4+ {[%emt 0:01:18]} 32. Kg1 {[%emt 0:00:06]} Qc5+ {[%emt 0:00:31]} 33. R8e3 {[%emt 0:01:33]} Qxf5 {[%emt 0:02:03]} 34. Re7+ {[%emt 0:00:18]} Kf8 {[%emt 0:01:31]} 35. Rxb7 {[%emt 0:14:00]} Qc5+ {[%emt 0:01:29]} 36. Kh1 {[%emt 0:00:16]} Nh5 {[%emt 0:03:40]} 37. Ra1 {[%emt 0:00:48]} Qc8 {[%emt 0:01:10]} 38. Raa7 {[%emt 0:00:55]} Nxg3+ {[%emt 0:01:06]} 39. hxg3 {[%emt 0:00:50]} Qh3+ {[%emt 0:00:06]} 40. Kg1 {[%emt 0:00:02]} Qxg3+ {[%emt 0:00:08]} 41. Kf1 {[%emt 0:00:02]} Qxf3+ {[%emt 0:00:10]} 42. Ke1 {[%emt 0:00:03]} Qe3+ {[%emt 0:00:15]} 43. Kd1 {[%emt 0:00:05]} Qe8 {[%emt 0:02:28]} 44. Bb4+ {[%emt 0:00:13]} Kg8 {[%emt 0:00:03]} 45. Rxg7+ {[%emt 0:00:06]} Kh8 {[%emt 0:00:13]} 46. Rxh7+ {[%emt 0:00:04]} Kg8 {[%emt 0:00:06]} 47. Rag7# {[%emt 0:00:04]} 1-0